00362nam a22001337a 4500008004100000040005500041080001200096100002100108245002100129260004000150300001100190650001200201653001500213230627b |||||||| |||| 00| 0 eng d aNational Science LibrarycNational Science Library a397bN3 aQuigley, Declan  aTribes of India  aIndia: bBookwise India Pvt. Ltd.,  a216p.  aTribes  aGeography